Running Wild, Alestorm or Rumahoy? - Statistics

General Stats
  • This quiz has been taken 16 times
    15 since last reset
  • The average score is 15 of 20
Answer Stats
Question Answer % Correct
Pirate's Scorn Alestorm
90%
Set Sail and Conquer Alestorm
90%
Lions of the Sea Running Wild
90%
Skull & Bones Running Wild
90%
Conquistadores Running Wild
90%
Wolves of the Sea Alestorm
80%
Call of the Waves Alestorm
80%
Cowboys of the Sea Rumahoy
80%
Pirateship Rumahoy
80%
Ahoy! Rumahoy
80%
The Haitian Slam Rumahoy
80%
Heavy Metal Pirates Alestorm
70%
Terror on the High Seas Alestorm
70%
Quest for Ships Alestorm
70%
Sailing Fire Running Wild
70%
Diamonds of the Black Chest Running Wild
70%
Quest for Heritage Rumahoy
50%
The Triumph of Piracy Rumahoy
50%
Mutiny Running Wild
50%
Stolen Treasure Rumahoy
30%
No matching quizzes found
Score Distribution
Percent of People with Each Score
Percentile by Number Answered
Your Score History
You have not taken this quiz since the last reset